11 ideas clave : Como aprender y enseñar competencias

Bibliographic Details
Main Authors: Zabala, Antoni, Arnou, Laia
Format: Section = Libro
Language:Undetermined
Spanish
Published: España Graó 2007
Subjects:
LEADER 00651nam a2200229Ia 4500
008 240829s9999 xx 000 0 und d
020 |a 978-84-7827-500 
040 |a BIBLIOTECA-RUSB/ 370.71 Z12 
041 |a spa 
082 |a 370.71 Z12 
100 1 |a Zabala, Antoni 
100 1 |b  Arnou, Laia 
245 1 0 |a 11 ideas clave : Como aprender y enseñar competencias 
260 |a España  |b Graó  |c 2007 
300 |a 226 p. :il. 
650 7 |a EDUCACION - ENSEÑAR COMPETENCIAS 
650 7 |b  ENSEÑANZA DE MAESTROS 
650 7 |c  ENSEÑANZA BASADA EN COMPETENCIAS 
650 7 |d  FORMACION PROFESIONAL 
942 |c BK  |2 ddc 
991 |a TEXTO 
999 |c 1103